Catálogo de la Biblioteca Horacio González - Universidad Nacional de General Sarmiento

Malvinas : (Registro nro. 54237)

Detalles MARC
000 -CABECERA
campo de control de longitud fija 01458ngm a22003730a 4500
001 - NÚMERO DE CONTROL
campo de control PT15507
003 - IDENTIFICADOR DEL NÚMERO DE CONTROL
campo de control AR-LpoUNG
005 - FECHA Y HORA DE LA ÚLTIMA TRANSACCIÓN
campo de control 20210202000148.0
007 - CAMPO FIJO DE DESCRIPCIÓN FÍSICA--INFORMACIÓN GENERAL
campo de control de longitud fija vd cvaizq
008 - DATOS DE LONGITUD FIJA--INFORMACIÓN GENERAL
campo de control de longitud fija 191001ss. f||||ag |||||||||||||||||spa d
037 ## - FUENTE DE ADQUISICIÓN
Condiciones de disponibilidad $11.7
040 ## - FUENTE DE LA CATALOGACIÓN
Centro catalogador/agencia de origen AR-LpoUNG
Lengua de catalogación spa
Centro/agencia transcriptor AR-LpoUNG
Normas de descripción aacr
041 ## - CÓDIGO DE LENGUA
Código de lengua del texto/banda sonora o título independiente spa
044 ## - CÓDIGO DEL PAÍS DE LA ENTIDAD EDITORA/PRODUCTORA
Código MARC del país ag
082 0# - NÚMERO DE LA CLASIFICACIÓN DECIMAL DEWEY
Número de clasificación 982.065 388med
100 1# - ENTRADA PRINCIPAL--NOMBRE DE PERSONA
Nombre de persona Alfonso, Alfredo
Término indicativo de función/relación dir.
245 10 - MENCIÓN DE TÍTULO
Título Malvinas :
Resto del título me deben tres
260 ## - PUBLICACIÓN, DISTRIBUCIÓN, ETC.
Lugar de publicación, distribución, etc. Buenos Aires :
Nombre del editor, distribuidor, etc. Blackman,
Fecha de publicación, distribución, etc. [199?].
300 ## - DESCRIPCIÓN FÍSICA
Extensión VHS (52 min.) : son., col.
520 ## - SUMARIO, ETC.
Sumario, etc. Los protagonistas son ex-combatientes, familiares, vecinos y visitantes de lugares históricos, periodistas y familiares cercanos de caídos en combate. En todos, el tema Malvinas es mucho más que un recuerdo. También coinciden en destacar que durante el conflicto hubo dos Argentinas: La capital federal y el resto del país. Una ajena a lo bélico o al compromiso humano con quienes sufrían resolviendo el destino de estos; la otra con la cabeza puesta en las lejanas islas y el drama que enfrentaban sus hijos, hermanos, novios, amigos o vecinos.
650 #4 - PUNTO DE ACCESO ADICIONAL DE MATERIA--TÉRMINO DE MATERIA
Término de materia o nombre geográfico como elemento de entrada ARGENTINA
650 #4 - PUNTO DE ACCESO ADICIONAL DE MATERIA--TÉRMINO DE MATERIA
Término de materia o nombre geográfico como elemento de entrada CONSECUENCIAS SOCIALES
650 #4 - PUNTO DE ACCESO ADICIONAL DE MATERIA--TÉRMINO DE MATERIA
Término de materia o nombre geográfico como elemento de entrada DICTADURA
650 #4 - PUNTO DE ACCESO ADICIONAL DE MATERIA--TÉRMINO DE MATERIA
Término de materia o nombre geográfico como elemento de entrada GOBIERNO MILITAR
650 #4 - PUNTO DE ACCESO ADICIONAL DE MATERIA--TÉRMINO DE MATERIA
Término de materia o nombre geográfico como elemento de entrada GUERRA
650 #4 - PUNTO DE ACCESO ADICIONAL DE MATERIA--TÉRMINO DE MATERIA
Término de materia o nombre geográfico como elemento de entrada VICTIMAS
651 #4 - PUNTO DE ACCESO ADICIONAL DE MATERIA--NOMBRE GEOGRÁFICO
Nombre geográfico Argentina
653 ## - TÉRMINO DE INDIZACIÓN--NO CONTROLADO
Término no controlado DOCUMENTALES
653 ## - TÉRMINO DE INDIZACIÓN--NO CONTROLADO
Término no controlado VIDEOS
700 1# - PUNTO DE ACCESO ADICIONAL--NOMBRE DE PERSONA
Nombre de persona Duizeide, Juan
Término indicativo de función/relación dir.
700 1# - PUNTO DE ACCESO ADICIONAL--NOMBRE DE PERSONA
Nombre de persona Giordano, Carlos
Término indicativo de función/relación dir.
905 ## - ELEMENTOS DE DATOS E LOCAL, LDE (RLIN)
a 15507
942 ## - ELEMENTOS DE PUNTO DE ACCESO ADICIONAL (KOHA)
Tipo de ítem Koha Video
Existencias
Estado de retiro Estado de pérdida Estado dañado No para préstamo Código de colección Localización permanente Ubicación/localización actual Fecha de adquisición Total de préstamos Signatura topográfica completa Código de barras Fecha visto por última vez Precio válido a partir de Tipo de ítem Koha
        Colección Cine Biblioteca Universidad Nacional de General Sarmiento Biblioteca Universidad Nacional de General Sarmiento 02/02/2021   982.065 388med 00018056 02/02/2021 02/02/2021 Video